[Event "GER-chT U12"]
[Site "Magdeburg"]
[Date "2019.12.30"]
[Round "7.8"]
[White "Broecker, David"]
[Black "Kasperovich, Christian"]
[Result "1/2-1/2"]
[WhiteElo "1168"]
[BlackElo "786"]
[PlyCount "130"]
[EventDate "2019.12.27"]
[EventType "team-swiss"]
[EventRounds "7"]
[EventCountry "GER"]
[SourceTitle "CBM 194 Extra"]
[Source "ChessBase"]
[SourceDate "2020.03.31"]
[SourceVersion "1"]
[SourceVersionDate "2020.03.31"]
[SourceQuality "1"]
[WhiteTeam "Porz SG"]
[BlackTeam "Ostfildern"]
[WhiteTeamCountry "GER"]
[BlackTeamCountry "GER"]

1. e4 e5 2. Nf3 Nc6 3. Bc4 Bc5 4. c3 d6 5. d3 Nf6 6. 0-0 Bg4 7. Nbd2 0-0 8. h3 Bh5 9. Re1 Na5 10. b4 Nxc4 11. Nxc4 Bb6 12. h4 Bxf3 13. Qxf3 g6 14. Bg5 Kg7 15. a4 a6 16. Nxb6 cxb6 17. Qe3 Re8 18. d4 Ng4 19. Qg3 Nf6 20. Rad1 b5 21. dxe5 Rxe5 22. f4 Nxe4 23. Bxd8 Nxg3 24. fxe5 Rxd8 25. exd6 bxa4 26. Rd3 Nf5 27. d7 Kf8 28. g3 b5 29. Kh2 Nh6 30. Rd6 Nf5 31. Rxa6 Rxd7 32. Ra5 Nd6 33. Ra8+ Kg7 34. Rd1 h5 35. Ra6 Rc7 36. Rdxd6 Rxc3 37. Ra5 a3 38. Rd2 Rb3 39. Rxb5 Rb2 40. Rbd5 Rxb4 41. Ra2 Rb3 42. Kh3 f5 43. Kh2 Kf6 44. Rd6+ Kg7 45. Kh1 Rxg3 46. Ra6 Rh3+ 47. Kg2 Rxh4 48. R2xa3 Rg4+ 49. Kf3 h4 50. Ra7+ Kh6 51. R3a4 Rg3+ 52. Kf2 Kg5 53. Ra3 Rg4 54. R7a4 Rf4+ 55. Rxf4 Kxf4 56. Ra4+ Kg5 57. Kg2 f4 58. Kf3 h3 59. Ra2 Kh4 60. Kxf4 g5+ 61. Kf3 g4+ 62. Ke3 g3 63. Ra4+ Kh5 64. Kf3 g2 65. Rg4 h2 1/2-1/2